Obálka Náhled e-knihy:
Epub
Pro půjčování e-knih musíte být přihlášeni.
Jak si půjčit online?

The ivy years. (4), Když jsme si věřili /

Uloženo v:
Série:The Ivy Years, část 4
Hlavní autor: Bowen, Sarina (Autor)
Další autoři: Ľalíková, Zuzana, 1987- (Autor)
Médium: E-kniha
Jazyk:Czech
Vydáno: Praha : Baronet, 2022
Vydání:Vydání první
Témata:
Příbuzné jednotky:Z cyklu:: The Ivy Years
Tagy:
Žádné tagy
LEADER 01736nam a2200457 i 4500
001 311543
003 CZ PrSKC
005 20260601215707.0
007 ta
008 220421s2022 xr g 000 f cze
015 |a cnb003402747 
020 |a 9788026918103  |q (vázáno) 
035 |a (OCoLC)1329407436 
040 |a ABG001  |b cze  |e rda 
041 1 |a cze  |h eng 
072 7 |a 821.111(73)-3  |x Americká próza  |2 Konspekt 
080 |a 821.111(73)-31  |2 MRF 
080 |a (0:82-312.5)  |2 MRF 
100 1 |a Bowen, Sarina  |7 xx0221316  |4 aut 
240 1 0 |a Shameless hour.  |l Česky 
245 1 4 |a The ivy years.  |n (4),  |p Když jsme si věřili /  |c Sarina Bowen ; přeložila: Zuzana Ľalíková 
246 3 0 |a Když jsme si věřili 
250 |a Vydání první 
264 1 |a Praha :  |b Baronet,  |c 2022 
300 |a 384 stran ;  |c 21 cm 
336 |a text  |b txt  |2 rdacontent 
337 |a bez média  |b n  |2 rdamedia 
338 |a svazek  |b nc  |2 rdacarrier 
500 |a Přeloženo z angličtiny 
546 |a Český text 
655 7 |a americké romány  |7 fd131796  |2 czenas 
655 7 |a milostné romány  |7 fd132840  |2 czenas 
655 9 |a American fiction  |2 eczenas 
655 9 |a love novels  |2 eczenas 
700 1 |a Ľalíková, Zuzana,  |d 1987-  |7 xx0144546  |4 trl 
787 0 8 |i Z cyklu:  |t The Ivy Years  |g 4 
900 |a ABA001  |b 21 
044 |a xr 
910 |a RBIT002 
998 |d 350663  |a https://core.palmknihy.cz/api/books/350663/cover?sgy8zs  |b https://core.palmknihy.cz/api/books/350663/cover/400?sgy8zs  |c https://core.palmknihy.cz/api/books/350663/cover/50?sgy8zs  |e 2027-06-10  |g 384  |i 9788026918103  |j https://core.palmknihy.cz/api/books/350663/preview.epub  |l   |q 49  |r 1  |s https://www.palmknihy.cz/kniha/350663  |t ebook  |y 2022  |z 0  |v The Ivy Years  |w 4 
999 |d 311541